Исследования в области полярографии и амперометрии с платиновым электродом: автореферат диссертации на соискание ученой степени кандидата химических наук

Bibliografiske detaljer
Hovedforfatter: Захаров В. А.
Institution som forfatter: Казахский государственный университет (КазГУ)
Andre forfattere: Сонгина О. А. (научный руководитель)
Summary:Защита сост в конце сентября 1963 г.
Sprog:russisk
Udgivet: Алма-Ата, [Б. и.], 1963
Fag:
Format: Bog
KOHA link:https://koha.lib.tpu.ru/cgi-bin/koha/opac-detail.pl?biblionumber=340567

MARC

LEADER 00000nam0a2200000 4500
001 340567
005 20231102005243.0
035 |a (RuTPU)RU\TPU\book\367472 
090 |a 340567 
100 |a 20180403d1963 k y0rusy50 ca 
101 0 |a rus 
102 |a KZ 
105 |a a dm 001zy 
200 1 |a Исследования в области полярографии и амперометрии с платиновым электродом  |e автореферат диссертации на соискание ученой степени кандидата химических наук  |f В. А. Захаров  |g Казахский государственный университет (КазГУ) ; науч. рук. О. А. Сонгина 
210 |a Алма-Ата  |c [Б. и.]  |d 1963 
215 |a 18 с.  |c ил. 
300 |a Защита сост в конце сентября 1963 г. 
320 |a Библиогр.: с. 17-18 (14 назв.) 
606 1 |a Полярографический анализ  |2 stltpush  |3 (RuTPU)RU\TPU\subj\50820  |9 69454 
606 1 |a Амперометрия  |2 stltpush  |3 (RuTPU)RU\TPU\subj\77362  |9 87727 
610 1 |a библиотека А. Г. Стромберга 
610 1 |a полярография 
610 1 |a полярометрическое титрование 
610 1 |a платиновые электроды 
610 1 |a иодиды 
610 1 |a йод 
610 1 |a восстановление 
610 1 |a кислород 
610 1 |a авторефераты диссертаций 
675 |a 543.552(04)  |v 4 
675 |a 543.553(04)  |v 4 
700 1 |a Захаров  |b В. А. 
702 1 |a Сонгина  |b О. А.  |4 727 
712 0 2 |a Казахский государственный университет (КазГУ)  |c (Алма-Ата)  |2 stltpush  |3 (RuTPU)RU\TPU\col\8922 
801 1 |a RU  |b 63413507  |c 20180403 
801 2 |a RU  |b 63413507  |c 20180515  |g RCR 
942 |c BK